000 00562nam a2200193Ia 4500
003 OSt
005 20240404163942.0
008 210210b1999 xxu||||| |||| 00| 0 eng d
040 _cAL
041 _aKannada
082 _aK894.802 MALK
100 _aMALINI MALYA (B), Ed.
_994412
_dಮಾಲಿನಿ ಮಲ್ಯ (ಬಿ)
245 _aKaranata uvacha.
_b ಕಾರಂತರ ಉವಾಚ
260 _aPutturu
_bShivarama Karanta Adhyayana Kendra
_c1999
300 _aiv,70
690 _aKannada Miscellaneous
_994413
906 _a054766
942 _2ddc
_cBK
999 _c102886
_d102886